[Event "Paris-ch op-B 86th"]
[Site "Paris"]
[Date "2011.07.06"]
[Round "5"]
[White "Baudin, Vincent"]
[Black "Mkhitarian, Aram"]
[Result "0-1"]
[WhiteElo "1774"]
[BlackElo "1835"]
[PlyCount "66"]
[EventDate "2011.07.02"]
[EventType "swiss"]
[EventRounds "9"]
[EventCountry "FRA"]
[SourceTitle "EXT 2012"]
[Source "ChessBase"]
[SourceDate "2011.11.24"]
[SourceVersion "1"]
[SourceVersionDate "2011.11.24"]
[SourceQuality "1"]

1. d4 Nf6 2. c4 g6 3. g3 Bg7 4. Bg2 d6 5. Nf3 0-0 6. Nbd2 Nbd7 7. b3 Re8 8. Bb2 e6 9. 0-0 c6 10. Qc2 d5 11. Rfd1 b6 12. e4 Bb7 13. Rac1 Rc8 14. Qd3 c5 15. exd5 exd5 16. dxc5 Nxc5 17. Qb1 Qe7 18. cxd5 Bxd5 19. Ba3 Bh6 20. Re1 Qb7 21. Bxc5 bxc5 22. Qb2 Ne4 23. Bh3 Rcd8 24. Rcd1 Bxd2 25. Nxd2 Ng5 26. Bf1 Qd7 27. h4 Nh3+ 28. Kh2 Nxf2 29. Rc1 Ng4+ 30. Kg1 Ne3 31. Qc3 Nxf1 32. Rxf1 Qh3 33. Rf2 Qh1# 0-1

[Event "FRA-chT2 North 0809"]
[Site "France"]
[Date "2009.01.18"]
[Round "6.5"]
[White "Baudin, Vincent"]
[Black "Kieffer, Christian"]
[Result "0-1"]
[WhiteElo "2010"]
[BlackElo "2093"]
[PlyCount "128"]
[EventDate "2008.10.19"]
[EventType "team-tourn"]
[EventRounds "11"]
[EventCountry "FRA"]
[SourceTitle "EXT 2010"]
[Source "ChessBase"]
[SourceDate "2010.11.25"]
[SourceVersion "1"]
[SourceVersionDate "2010.11.25"]
[SourceQuality "1"]
[WhiteTeam "Chess XV"]
[BlackTeam "Le Touquet"]
[WhiteTeamCountry "FRA"]
[BlackTeamCountry "FRA"]

1. e4 c5 2. Nf3 Nc6 3. d4 cxd4 4. Nxd4 e5 5. Nb5 d6 6. Bc4 Be6 7. Bxe6 fxe6 8. 0-0 a6 9. N5c3 Nf6 10. Bg5 Be7 11. Nd2 0-0 12. Rc1 b5 13. Ne2 d5 14. Ng3 Nd7 15. Bxe7 Qxe7 16. c3 Nc5 17. Nb3 Rad8 18. Nxc5 Qxc5 19. Qe2 Rf7 20. Rcd1 d4 21. cxd4 Nxd4 22. Qe3 Rfd7 23. Rc1 Qb4 24. Qc3 Qd6 25. Qc5 Qb8 26. Qb4 Rc7 27. Qa5 Rdc8 28. Rxc7 Rxc7 29. a4 Qc8 30. axb5 axb5 31. h3 Rc1 32. Rxc1 Qxc1+ 33. Kh2 h6 34. Qc3 Qf4 35. Kg1 Kh7 36. Qc7 b4 37. Qc4 Qd2 38. Qc5 Qxb2 39. Nh5 Qc3 40. Qe7 Qc1+ 41. Kh2 Qg5 42. Qxg5 hxg5 43. Ng3 b3 44. Nf1 Kg6 45. Nd2 Kf6 46. Kg3 b2 47. Kg4 Nc2 48. Nb1 Ne1 49. Kg3 Ke7 50. f3 Nd3 51. Kg4 Kf6 52. Nd2 Nf4 53. g3 Ne2 54. Nb1 g6 55. h4 gxh4 56. Kxh4 Ke7 57. Kh3 Kd6 58. Kg2 Kc5 59. Kf2 Nd4 60. Ke3 Kc4 61. f4 exf4+ 62. gxf4 Nb5 63. Kd2 Kb3 64. Kd1 Nc3+ 0-1

[Event "FRA-chT2 North 0809"]
[Site "France"]
[Date "2008.12.14"]
[Round "4.5"]
[White "Nguyen, Huu Hoang Anh"]
[Black "Baudin, Vincent"]
[Result "1-0"]
[WhiteElo "2074"]
[BlackElo "2010"]
[PlyCount "83"]
[EventDate "2008.10.19"]
[EventType "team-tourn"]
[EventRounds "11"]
[EventCountry "FRA"]
[SourceTitle "EXT 2010"]
[Source "ChessBase"]
[SourceDate "2010.11.25"]
[SourceVersion "1"]
[SourceVersionDate "2010.11.25"]
[SourceQuality "1"]
[WhiteTeam "Saint Mande"]
[BlackTeam "Chess XV"]
[WhiteTeamCountry "FRA"]
[BlackTeamCountry "FRA"]

1. c3 e5 2. Qc2 d5 3. d3 Nf6 4. e4 Be7 5. Nf3 Nc6 6. Be2 0-0 7. 0-0 h6 8. Nbd2 b6 9. a3 Bb7 10. Re1 Bd6 11. Bf1 Re8 12. g3 Rc8 13. Bh3 Rb8 14. b4 Bc8 15. Bg2 d4 16. cxd4 Nxd4 17. Nxd4 exd4 18. Nc4 c5 19. Nxd6 Qxd6 20. Bf4 Re5 21. Rab1 Bb7 22. bxc5 bxc5 23. Rec1 Nd7 24. Bh3 Bc6 25. Rxb8+ Qxb8 26. Bxd7 Bxd7 27. Bxe5 Qxe5 28. Qxc5 Qf6 29. f4 Bh3 30. a4 g5 31. Qc6 Qe7 32. Qxh6 Qa3 33. Qxg5+ Kh7 34. Qh5+ Kg8 35. Qd1 Kg7 36. Qc2 Qb4 37. Kf2 Kg6 38. Rb1 Qa3 39. Qb3 Qc5 40. Qc4 Qa3 41. Rb5 Be6 42. f5+ 1-0

[Event "FRA-chT2 North 0809"]
[Site "France"]
[Date "2008.11.23"]
[Round "3.5"]
[White "Deschin, Pierre Antoine"]
[Black "Baudin, Vincent"]
[Result "1-0"]
[WhiteElo "2099"]
[BlackElo "2010"]
[PlyCount "93"]
[EventDate "2008.10.19"]
[EventType "team-tourn"]
[EventRounds "11"]
[EventCountry "FRA"]
[SourceTitle "EXT 2010"]
[Source "ChessBase"]
[SourceDate "2010.11.25"]
[SourceVersion "1"]
[SourceVersionDate "2010.11.25"]
[SourceQuality "1"]
[WhiteTeam "Henin Beaumont"]
[BlackTeam "Chess XV"]
[WhiteTeamCountry "FRA"]
[BlackTeamCountry "FRA"]

1. Nf3 Nf6 2. c4 g6 3. g3 Bg7 4. Bg2 0-0 5. 0-0 c5 6. d4 cxd4 7. Nxd4 Nc6 8. Nc3 Rb8 9. Bf4 d6 10. Bxc6 e5 11. Bg2 exf4 12. gxf4 Ng4 13. h3 Nh6 14. Ndb5 Qh4 15. Qd3 Qxf4 16. Nd5 Qe5 17. Rab1 a6 18. f4 Qh5 19. Nxd6 Be6 20. Ne4 Qh4 21. Qg3 Qd8 22. Rfd1 Nf5 23. Qf2 Qa5 24. Nef6+ Kh8 25. e4 Nh6 26. b4 Qd8 27. e5 Qc8 28. Nb6 Qc7 29. Nfd7 Rbd8 30. Nxf8 Bxf8 31. Rxd8 Qxd8 32. Nd5 Nf5 33. Be4 Bh6 34. Rd1 Ne7 35. Qb6 Qxb6+ 36. Nxb6 Bxf4 37. Nd5 Nxd5 38. cxd5 Bxh3 39. d6 Bd7 40. Bxb7 Bxe5 41. Bxa6 Kg7 42. b5 Bf4 43. Kf2 Bg5 44. b6 Bh4+ 45. Kf1 Bh3+ 46. Kg1 Bd8 47. b7 1-0